Trenerzy Realu Madryt od 1991 - Statystyki

Ogólne statystyki
  • Ten quiz został rozwiązany 876 razy
    236 od ostatniego zresetowania
  • Średni wynik to 11 z 29
Statystyki odpowiedzi
Okres Trener % Poprawnych
2013-2015 Carlo Ancelotti
98%
2021- Carlo Ancelotti
98%
2016-2018 Zinédine Zidane
98%
2019-2021 Zinédine Zidane
98%
2010-2013 José Mourinho
88%
2015-2016 Rafael Benítez
66%
1994 Vicente del Bosque
61%
1999-2003 Vicente del Bosque
61%
2018 Julen Lopetegui
51%
2018-2019 Santiago Solari
47%
2009-2010 Manuel Pellegrini
38%
1992 Leo Beenhakker
36%
1996-1997 Fabio Capello
34%
2006-2007 Fabio Capello
34%
2007-2008 Bernd Schuster
27%
2004-2005 Vanderlei Luxemburgo
24%
1997-1998 Jupp Heynckes
23%
2003-2004 Carlos Queiroz
19%
1990-1991 Alfredo Di Stéfano
18%
2008-2009 Juande Ramos
16%
2004 José Antonio Camacho
14%
1998-1999 Guus Hiddink
12%
1999 John Toshack
9%
1994-1996 Jorge Valdano
8%
2004 Mariano García Remón
7%
1991-1992 Radomir Antić
7%
2005-2006 Juan Ramón López Caro
6%
1992-1994 Benito Floro
5%
1996 Arsenio Iglesias
4%
Nie znaleziono quizów pasujących do podanych kryteriów
Rozkład punktacji
Procent ludzi z każdym wynikiem
Percentyl według liczby udzielonych odpowiedzi
Twoja historia wyników
Nie rozwiązałeś tego quizu od ostatniego zresetowania